Waveletova transformácia v ekonómii diplomová práca

Saved in:
Bibliographic Details
Main Author: Žirko, Martin
Corporate Author: Fakulta hospodárskej informatiky EU. Katedra matematiky a aktuárstva
Other Authors: Horáková, Galina
Format: Book
Language:Slovak
Published: Bratislava 2015
Tags: Add Tag
No Tags, Be the first to tag this record!

MARC

LEADER 00000nbm a2200000 4500
001 0201575
005 20161212111902.4
041 0 |a slo 
044 |a SK 
245 1 0 |a Waveletova transformácia v ekonómii  |b diplomová práca  |c Martin Žirko ; školiteľ: Galina Horáková 
264 1 |a Bratislava  |c 2015 
300 |a 52 s. 
100 1 |a Žirko, Martin 
700 1 |a Horáková, Galina 
710 2 |a Fakulta hospodárskej informatiky EU. Katedra matematiky a aktuárstva